00489nam a2200193 a 4500001001300000003000900013005001700022008004100039020001000080082001600090100002200106245003500128260003600163300000900199500003500208505001000243650002000253700002200273nice12345678IN_TiNIC20260116011916.0050524s1921 caia grp 000 0 eng  ac10000a220.91bTRU aTrumper, Victor L aHistorical Sites in Palestine. aCairobNile Mission Pressc1921 a137p aincludes index and biblioraphy2 aIndex aBible-Geography1 aTrumper, Victor L